| 000 | 01092nam a2200349 a 4500 | ||
|---|---|---|---|
| 999 |
_c23117 _d23117 |
||
| 001 | vtls011098870 | ||
| 005 | 20220131100509.0 | ||
| 008 | 171219s2015 xr g 000 fdslo | ||
| 020 |
_a9788072438105 _q(viazané) |
||
| 035 | _aD7A23FAB-DFB4-4A9A-820A-D9DE2E2647C5 | ||
| 035 | _aurn:nbn:sk:snk-amycbm | ||
| 035 | _aurn:nbn:sk:snk-am00cfzr | ||
| 040 |
_aPOKPOH _bslo _cPOKPOH _dSNK _eAACR2 |
||
| 041 | 0 | _aslo | |
| 044 |
_axr _cCZ |
||
| 072 | 7 |
_a821.162.4-3 _xSlovenská próza _2konspekt |
|
| 080 |
_a821.162.4-31 _22011 |
||
| 080 |
_a(0:82-312.5) _22011 |
||
| 100 | 1 |
_aBenková, Jana, _d1970- _92386 |
|
| 245 | 1 | 0 |
_aŠťastná žena _cJana Benková |
| 250 | _a1. vyd. | ||
| 260 |
_aPraha _bBrána _c2015 |
||
| 300 |
_a212 s. _c19 cm |
||
| 500 | _aNa záložke obsahuje biografické údaje o autorke | ||
| 655 | 7 |
_aslovenské romány _2SNKPH _91694 |
|
| 655 | 7 |
_aSlovak fiction _2SNKPHeng _91695 |
|
| 655 | 7 |
_aľúbostné romány _2SNKPH _913 |
|
| 655 | 7 |
_aLove novels _2SNKPHeng _91667 |
|
| 958 | _aZS | ||
| 958 | _aNB | ||